| 000 | 01144nam a22002057a 4500 | ||
|---|---|---|---|
| 999 |
_c62492 _d62492 |
||
| 003 | Ge_BSU | ||
| 005 | 20241118105739.0 | ||
| 008 | 241115s1953 ge ||||| |||| 00| 0 geo d | ||
| 041 | _ageo | ||
| 080 | _a612(063) ფ-50 | ||
| 245 |
_aფიზიოლოგიის ინსტიტუტის შრომები // Труды института физиологии // _bტომი IX / _cრედ. ივ.ბერიტაშვილი |
||
| 264 |
_a თბილისი: _b საქართველოს სსრ მეცნიერებათა აკადემიის გამომცემლობა, _c1953. |
||
| 300 |
_a310 გვ .: _bსურათები, სქემები ; _c26 სმ. |
||
| 546 | _aქართულ და რუსულ ენებზე. | ||
| 653 | _aფიზიოლოგია. | ||
| 653 | _aშრომები | ||
| 700 |
_aბერიტაშვილი, ივ _eრედაქციით _923716 |
||
| 710 |
_a საქართველოს სსრ მეცნიერებათა აკადემია _923718 |
||
| 942 |
_2udc _cSHR |
||